000 02891nam a22003737a 4500
005 20090206101622.0
008 090206t xxu||||| |||| 00| 1 eng d
010 _aB-332486-496
020 _a9780340970843
_c150.00
035 _aB-332486-496
037 _bBlueberry Books
040 _adpl
_bEnglish
082 _aS
100 _aBlyton, Enid
245 _aThe case of the guy who makes you act like a chicken / The case of the felon with frosty fincers /
_cby Enid Blyton
260 _aLondon
_bHodder Childern's Books
_c2008
270 _a338 Euston Road
_bLondon
_eNW1 3 BH
300 _a55p.:57p
_c20cm(pbk)
_bill.
490 _aFamous 5:case files 13 and 14
500 _a2 books bound in one vol.
942 _2ddc
_cCH
_hS
_mBLY
999 _c23127
_d23127